Nada por lo que pedir perdón : (Record no. 195428)

MARC details
000 -LEADER
campo de control de longitud fija 01973nam a2200433 i 4500
001 - NÚMERO DE CONTROL
campo de control 195428
003 - IDENTIFICADOR DE NÚMERO DE CONTROL
campo de control SpMaBN
005 - FECHA Y HORA DE LA ÚLTIMA TRANSACCIÓN
campo de control 20250730153551.0
008 - DATOS DE LONGITUD FIJA--INFORMACIÓN GENERAL
campo de control de longitud fija 230608s2022 sp a | |||| 001 0 spa
017 ## - NÚMERO DE COPYRIGHT O DE DEPÓSITO LEGAL
Número de copyright o de depósito legal B 13092-2022
Agencia que asigna Oficina Depósito Legal Barcelona
020 ## - NÚMERO INTERNACIONAL ESTÁNDAR DEL LIBRO
Número Internacional Estándar del Libro 9788467066654
040 ## - FUENTE DE CATALOGACIÓN
Centro catalogador/agencia de origen SpMaBN
Lengua de catalogación spa
Centro/agencia transcriptor SpMaBN
Normas de descripción rda
Centro/agencia modificador ES-MaACL
080 ## - NÚMERO DE LA CLASIFICACIÓN DECIMAL UNIVERSAL
Número de la Clasificación Decimal Universal 94(460)
080 ## - NÚMERO DE LA CLASIFICACIÓN DECIMAL UNIVERSAL
Número de la Clasificación Decimal Universal 94(7/8=134.2)"1492/1600"
Identificador de la edición mrf12
080 ## - NÚMERO DE LA CLASIFICACIÓN DECIMAL UNIVERSAL
Número de la Clasificación Decimal Universal 327(8=134.2:460)
080 ## - NÚMERO DE LA CLASIFICACIÓN DECIMAL UNIVERSAL
Número de la Clasificación Decimal Universal 327(460:8=134.2)
100 1# - ENTRADA PRINCIPAL--NOMBRE DE PERSONA
Nombre de persona Gullo Omodeo, Marcelo
9 (RLIN) 234540
Término indicativo de función/relación Autor
245 10 - MENCIÓN DEL TÍTULO
Título Nada por lo que pedir perdón :
Resto del título la importancia del legado español frente a las atrocidades cometidas por los enemigos de España /
Mención de responsabilidad, etc. Marcelo Gullo Omodeo ; prólogo de Carmen Iglesias.
250 ## - MENCION DE EDICION
Mención de edición Primera edición: octubre de 2022
264 #1 - PRODUCCIÓN, PUBLICACIÓN, DISTRIBUCIÓN, FABRICACIÓN Y COPYRIGHT
Producción, publicación, distribución, fabricación y copyright Barcelona :
Nombre del de productor, editor, distribuidor, fabricante Espasa,
Fecha de producción, publicación, distribución, fabricación o copyright [2022].
264 #4 - PRODUCCIÓN, PUBLICACIÓN, DISTRIBUCIÓN, FABRICACIÓN Y COPYRIGHT
Fecha de producción, publicación, distribución, fabricación o copyright ©2022
300 ## - DESCRIPCIÓN FÍSICA
Extensión 447 páginas, 16 páginas de láminas sin numerar :
Otras características físicas ilustraciones (blanco y negro y color) ;
Dimensiones 23 cm.
336 ## - TIPO DE CONTENIDO
Término de tipo de contenido Texto
Fuente rdacontent
337 ## - TIPO DE MEDIO
Nombre/término del tipo de medio sin mediación
Fuente rdamedia
338 ## - TIPO DE SOPORTE
Nombre/término del tipo de soporte volumen
Fuente rdacarrier
504 ## - NOTA DE BIBLIOGRAFÍA, ETC.
Nota de bibliografía, etc. Bibliografía: páginas 405-435. Índice
651 #4 - PUNTO DE ACCESO ADICIONAL DE MATERIA--NOMBRE GEOGRÁFICO
Nombre geográfico España-
Subdivisión general Historia-
-- Leyenda negra
9 (RLIN) 8346
651 #4 - PUNTO DE ACCESO ADICIONAL DE MATERIA--NOMBRE GEOGRÁFICO
Nombre geográfico América española-
Subdivisión general Historia-
Subdivisión cronológica 1492-1600 (Descubrimiento y conquista)
9 (RLIN) 7724
651 #4 - PUNTO DE ACCESO ADICIONAL DE MATERIA--NOMBRE GEOGRÁFICO
Nombre geográfico España-
Subdivisión general Relaciones-
Subdivisión geográfica América española
9 (RLIN) 8453
651 #4 - PUNTO DE ACCESO ADICIONAL DE MATERIA--NOMBRE GEOGRÁFICO
Nombre geográfico América española-
Subdivisión general Relaciones-
Subdivisión geográfica España
9 (RLIN) 7736
700 1# - ENTRADA AGREGADA--NOMBRE PERSONAL
9 (RLIN) 65073
Nombre de persona Iglesias, Carmen
Término indicativo de función/relación Autor de introducción
852 ## - LOCALIZACIÓN
Ubicación ES-MaACL
Sublocalización o colección R.154468
Ubicación en estantería Depósito J
Número de control de estantería N-8960
Anotaciones manuscritas Dedicatoria autógrafa del autor
Donativo/Legado Donación: Marcelo Gullo Omodeo
Encuadernación Encuadernación rústica con solapas
itemnumber 204833
903 ## - NOMBRE PERSONAL DE DONANTE
9 234540
a Gullo Omodeo, Marcelo
e Donante
942 ## - ELEMENTOS DE ENTRADA SECUNDARIOS (KOHA)
Suprimir en OPAC No
Tipo de ítem Koha Libro impreso
Holdings
Estatus retirado Estado de pérdida Fuente del sistema de clasificación o colocación Estado de daño No para préstamo Colección Biblioteca de origen Biblioteca actual Ubicación en estantería Fecha de adquisición Fuente de adquisición Total de préstamos Signatura topográfica completa Código de barras Visto por última vez Precio de reemplazo Tipo de ítem Koha
    Clasificación decimal universal     Libros con dedicatorias Biblioteca del Ateneo de Madrid Biblioteca del Ateneo de Madrid Depósito J 21/03/2025 Donación   N-8960 101229680 21/03/2025 21/03/2025 Libro impreso